000 00591nam a2200205 a 4500
001 21517
003 BD-RjUL
005 20211209000709.0
008 140304s1951 xx 000 1 eng d
035 _a(BD-RjUL)21581
040 _aANL
_beng
_cANL
_dBD-RjUL
041 _aeng
082 0 4 _a813.52
_221
_bMAM 1951
100 1 _aMarquand, John P.
_q(John Phillips),
_d1893-1960.
_966432
245 1 0 _aMelville Goodwin, USA /
_cby John P. Marquand.
260 _aBoston :
_b Little Brown,
_cc1951.
300 _a568 p. ;
_c18 cm.
650 0 _aSoldiers
_zUnited States.
_966459
942 _2ddc
_cBK
999 _c21517
_d21517